000 00505nmm a2200157Ia 4500
008 251105s9999||||xx |||||||||||||||||und||
020 _a9789580612445
041 _aspa
100 _aArdila Camberos, Eduar Zamir
245 0 _aLos reinos de las potestades. Libro I: del aire, la travesía de los nueve
264 _a[Bogotá, Colombia] :
_bOveja Negra,
_c2014
300 _a110 páginas
650 _aLatin American narrative
856 _uhttps://public.digitaliapublishing.com/a/37832
942 _cCF
999 _c94903
_d94903